| 000 | 00976nam a22003017a 4500 | ||
|---|---|---|---|
| 003 | CHAP | ||
| 005 | 20220329135121.0 | ||
| 008 | 971013s1967 r 00010 d | ||
| 010 | _a31190 | ||
| 011 | _a32162 | ||
| 035 | _a36275 | ||
| 040 | _cCHAP | ||
| 082 |
_a635.23 _bC6 |
||
| 100 | 0 | 0 |
_aCoursey, D. G. _928649 |
| 245 |
_aYems _b: an account of the nature, origins, cultivations and utilisation of the useful members of the Dioscoreaceae |
||
| 260 |
_aLondon : _bLongmans, _c1967 |
||
| 300 |
_a230 p. _b: ilus. |
||
| 490 | _aTropical agriculture series | ||
| 590 |
_aBATCH-UPD _b10 _c20130110 _lUCH01 _h1059 |
||
| 590 |
_aBATCH-UPD _b10 _c20130410 _lUCH01 _h0653 |
||
| 590 |
_aBATCH-UPD _b10 _c20130914 _lUCH01 _h1850 |
||
| 590 |
_aCONVERSION _b10 _c20130109 _lUCH01 _h1318 |
||
| 650 | 1 | 4 |
_aÑame. _983291 |
| 830 | 0 |
_aTropical agriculture series _9115305 |
|
| 901 | _aBK | ||
| 942 | _cLIBRO | ||
| 949 |
_a635.23 C6 _bBC _cLIBRO _d33724000261996 _eLIBRO _h14932 _i36275 _si _t120.00 |
||
| 999 |
_c31190 _d31190 |
||